[Event "O pohár města Říčany 2017"]
[Site "Kulturni centrum Labut, 17. Listopadu 214 25101 Ricany"]
[Date "2017.08.27"]
[Round "3.30"]
[White "Pavlicek, Petr"]
[Black "Maslo, Ondrej"]
[Result "1-0"]
[WhiteElo "1923"]
[BlackElo "1744"]
[PlyCount "0"]
[EventDate "2017.08.26"]

1. e4 c5 2. Nf3 Nc6 3. d4 cxd4 4. Nxd4 g6 5. c4 Bg7 6. Be3 Nf6 7. Nc3 O-O
8. Be2 d6 9. O-O Nxd4 10. Bxd4 Be6 11. Rc1 Nd7 12. Bxg7 Kxg7 13. Qd4+ Kg8
14. Rfd1 a5 15. b3 Nc5 16. e5 Ra6 17. Nb5 Qb6 18. exd6 exd6 19. Qxd6 Qxd6
20. Rxd6 Rxd6 21. Nxd6 b6 22. Rd1 Rd8 23. Nb5 Re8 24. Kf1 Bd7 25. Nc7 Re5
26. Nd5 Bc6 27. Nc3 Ne4 28. Nxe4 Bxe4 29. f3 Bf5 30. Rd6 Re6 31. Rxe6 Bxe6
32. Kf2 Kf8 33. Ke3 Ke7 34. Kd4 Kd6 35. a3 f6 36. b4 axb4 37. axb4 Kc6 38. f4 h5
39. h4 Bd7 40. Bd3 Be8 41. Be4+ Kc7 42. Bc2 Kd6 43. c5+ bxc5+ 44. bxc5+ Kc7
45. Bb3 Kd8 46. g3 Kc7 47. Bg8 Kc6 48. Kc4 Bd7 49. Bf7 Bf5 50. Be8+ Kc7 51. Kd5
Kd8 52. Bb5 Kc7 53. Ba4 Bg4 54. Bc2 f5 55. Ba4 Be2 56. Ke6 1-0

[Event "O pohár města Říčany 2017"]
[Site "Kulturni centrum Labut, 17. Listopadu 214 25101 Ricany"]
[Date "2017.08.27"]
[Round "3.31"]
[White "Vilimova, Julie"]
[Black "Vlkova, Anezka"]
[Result "1-0"]
[WhiteElo "1741"]
[BlackElo "1914"]
[PlyCount "0"]
[EventDate "2017.08.26"]

1. d4 d5 2. c4 e6 3. Nc3 Nf6 4. Bg5 Be7 5. e3 O-O 6. Bd3 h6 7. h4 Nbd7 8. Qe2
c5 9. cxd5 exd5 10. dxc5 Nxc5 11. Bc2 Bg4 12. f3 Be6 13. O-O-O Re8 14. Bf4 Nh5
15. Be5 Bxh4 16. g4 Ng3 17. Bxg3 Bxg3 18. f4 Qf6 19. Qf3 Bh4 20. f5 Bg5 21. fxe6
Qxf3 22. Nxf3 Bxe3+ 23. Kb1 fxe6 24. Ne5 Rad8 25. b4 d4 26. bxc5 dxc3 27. Bg6
Rxd1+ 28. Rxd1 Rf8 29. Rd3 Bxc5 30. g5 b5 31. gxh6 gxh6 32. Rg3 Bd6 33. Bd3+ Kh8
34. Ng6+ Kg7 35. Rg2 Rb8 36. Ne5+ Kf6 37. Nd7+ Kf7 38. Nxb8 Bxb8 39. Bxb5 Bf4
40. Bc4 Kf6 41. Kc2 Be5 42. Rf2+ Ke7 43. Kd3 h5 44. Rf1 h4 45. Rh1 Bg3 46. Kxc3
Kd6 47. Rd1+ Ke7 48. Bb5 Bf2 49. Rc1 Bg3 50. Kc4 h3 51. Bc6 Kd6 52. Bh1 h2
53. Kb5 Be5 54. Rc2 Bd4 55. Rxh2 Bb6 56. a4 e5 57. Rh6+ Kc7 58. Re6 1-0

[Event "O pohár města Říčany 2017"]
[Site "Kulturni centrum Labut, 17. Listopadu 214 25101 Ricany"]
[Date "2017.08.27"]
[Round "3.32"]
[White "Nemcova, Kamila"]
[Black "Hejsek, Lukas"]
[Result "1-0"]
[WhiteElo "1908"]
[BlackElo "1683"]
[PlyCount "0"]
[EventDate "2017.08.26"]

1. e4 c5 2. Nf3 g6 3. d4 cxd4 4. Nxd4 Nf6 5. Nc3 Bg7 6. Nb3 Nc6 7. Be2 O-O
8. O-O d6 9. Kh1 a5 10. a4 Bd7 11. Bg5 Nb4 12. f4 Bc6 13. Bf3 Nd7 14. Re1 Nc5
15. Nd5 Bxd5 16. exd5 Re8 17. c3 Nbd3 18. Re2 Nxb3 19. Qxb3 h6 20. Qc4 hxg5
21. Qxd3 gxf4 22. Rae1 Be5 23. Qb5 Qc7 24. Re4 Rac8 25. Be2 b6 26. Rc4 Qb7
27. b4 Rxc4 28. Qxe8+ 1-0

[Event "O pohár města Říčany 2017"]
[Site "Kulturni centrum Labut, 17. Listopadu 214 25101 Ricany"]
[Date "2017.08.27"]
[Round "3.33"]
[White "Hampel, Rudolf"]
[Black "Cermak, Jan"]
[Result "0-1"]
[WhiteElo "1772"]
[BlackElo "1904"]
[PlyCount "0"]
[EventDate "2017.08.26"]

1. e4 c5 2. Nf3 Nc6 3. d4 cxd4 4. Nxd4 Nf6 5. Nc3 e5 6. Nb3 Bb4 7. Bc4 O-O
8. Bg5 a6 9. O-O b5 10. Bd3 h6 11. Bh4 Bxc3 12. bxc3 d6 13. Qd2 Be6 14. Rad1 Rc8
15. Kh1 Nxe4 16. Bxe4 Qxh4 17. Qe1 Rfd8 18. g3 Qe7 19. f4 f6 20. Qf2 d5 21. Bg2
e4 22. Nd4 Nxd4 23. cxd4 Rc3 24. Rfe1 Rdc8 25. Re2 Bg4 0-1

[Event "O pohĂˇr mÄ›sta ĹĂ­ÄŤany 2017"]
[Site "Kulturni centrum Labut, 17. Listopadu 214 25101 Ricany"]
[Date "2017.08.27"]
[Round "3.34"]
[White "Pokorny, Jan"]
[Black "Kuhnmund, Ivan"]
[Result "1/2-1/2"]
[WhiteElo "1889"]
[BlackElo "1640"]
[PlyCount "0"]
[EventDate "2017.08.26"]

1. c4 c6 2. b3 e5 3. Bb2 Nf6 4. Bxe5 Bc5 5. e3 Qe7 6. Nf3 d6 7. Bd4 Bg4 8. Bxc5
dxc5 9. Be2 Nbd7 10. Nc3 Rd8 11. h3 Bh5 12. O-O O-O 13. Nh2 Bg6 14. f4 Be4
15. d3 Nb8 16. Nxe4 Nxe4 17. Rf3 Nc3 18. Qc2 Nxe2+ 19. Qxe2 f5 20. Rff1 Rfe8
21. Rfe1 Rd6 22. Rad1 Re6 23. Nf1 Nd7 24. d4 Nf6 25. d5 Rd6 26. dxc6 Rxc6
27. Qd3 Ne4 28. Qd5+ Qe6 29. Qxe6+ Rcxe6 30. Rd7 R8e7 31. Red1 Kf7 32. Rxe7+
Kxe7 33. Rd5 g6 34. g4 Kf6 35. gxf5 gxf5 36. Rd7 Re7 37. Rxe7 Kxe7 38. Kg2 Kf6
39. Kf3 a6 40. Ng3 Nc3 41. e4 Nxa2 42. Nxf5 Nc1 43. Nd6 Nxb3 44. e5+ Ke6 45. Ke4
Nd2+ 46. Kd3 Nb3 47. Nxb7 a5 48. Nd6 a4 {dále nečitelné} 1/2-1/2

[Event "O pohár města Říčany 2017"]
[Site "Kulturni centrum Labut, 17. Listopadu 214 25101 Ricany"]
[Date "2017.08.27"]
[Round "3.35"]
[White "Havelka, Petr"]
[Black "Skrabanek, Matej"]
[Result "1/2-1/2"]
[WhiteElo "1818"]
[BlackElo "1600"]
[PlyCount "0"]
[EventDate "2017.08.26"]

1. d4 Nf6 2. c4 g6 3. Nc3 Bg7 4. e4 d6 5. Nf3 Nbd7 6. Be2 O-O 7. O-O e5 8. dxe5
dxe5 9. Bg5 c6 10. Qc2 Qc7 11. Rfd1 Re8 12. a3 Nc5 13. Be3 Ne6 14. h3 Nh5
15. Bf1 1/2-1/2

[Event "O pohár města Říčany 2017"]
[Site "Kulturni centrum Labut, 17. Listopadu 214 25101 Ricany"]
[Date "2017.08.27"]
[Round "3.37"]
[White "Benes, Karel"]
[Black "Hlavacek, Ondrej"]
[Result "0-1"]
[WhiteElo "1706"]
[BlackElo "1773"]
[PlyCount "0"]
[EventDate "2017.08.26"]

1. e4 c5 2. Nf3 e6 3. Nc3 Nc6 4. d4 cxd4 5. Nxd4 d6 6. Be3 a6 7. Nb3 Nf6 8. g4
h6 9. f3 Be7 10. Qd2 b5 11. O-O-O O-O 12. Kb1 b4 13. Na4 Rb8 14. h4 Ne5 15. Be2
Bd7 16. h5 Bxa4 17. Rdg1 Bxb3 18. axb3 d5 19. Bxh6 Nxe4 20. fxe4 gxh6 21. Qf4
Nc6 22. exd5 Qxd5 23. Bc4 Qe5 24. Qf3 Bf6 25. c3 Na5 26. Re1 Qg5 27. Rhf1 Nxc4
28. Ka2 Qa5+ 0-1

[Event "O pohár města Říčany 2017"]
[Site "Kulturni centrum Labut, 17. Listopadu 214 25101 Ricany"]
[Date "2017.08.28"]
[Round "4.1"]
[White "Anaskin, Arsenij"]
[Black "Pulpan, Jakub"]
[Result "0-1"]
[WhiteElo "2188"]
[BlackElo "2390"]
[PlyCount "0"]
[EventDate "2017.08.26"]

1. e4 c5 2. Nf3 d6 3. Nc3 a6 4. d4 cxd4 5. Nxd4 Nf6 6. g3 e5 7. Nb3 b5 8. Bg2
Bb7 9. O-O Be7 10. a4 b4 11. Nd5 Nxd5 12. exd5 a5 13. Bd2 O-O 14. c3 bxc3
15. bxc3 Qb6 16. Ra3 Bd8 17. Qe2 Nd7 18. Rb1 Qa7 19. Raa1 Bb6 20. Nc1 Rfc8
21. Nd3 Nf6 22. Nc1 Ba6 23. h3 Bc4 0-1

[Event "O pohár města Říčany 2017"]
[Site "Kulturni centrum Labut, 17. Listopadu 214 25101 Ricany"]
[Date "2017.08.28"]
[Round "4.2"]
[White "Skalsky, Alexandr"]
[Black "Novotny, Michal"]
[Result "0-1"]
[WhiteElo "2105"]
[BlackElo "2257"]
[PlyCount "0"]
[EventDate "2017.08.26"]

1. e4 c6 2. d4 d5 3. e5 c5 4. dxc5 Nc6 5. a3 a5 6. Bb5 e6 7. Nf3 Bxc5 8. O-O
Bd7 9. Qe2 Nge7 10. Bf4 h6 11. Nbd2 Nf5 12. Bd3 Nce7 13. c4 g5 14. Bg3 Bc6
15. Rad1 Qb6 16. cxd5 Bxd5 17. Ne4 Bxe4 18. Bxe4 O-O 19. Rd7 Rab8 20. Rfd1 Rfd8
21. Rxd8+ Rxd8 22. Rxd8+ Qxd8 23. Bxb7 Ng6 24. Nd2 Bd4 25. Nc4 h5 26. Qxh5 Qc7
27. Ba6 Qc6 28. Qxg5 Qxa6 29. Nd6 Qe2 30. h3 Nxg3 31. Qxg3 Qe1+ 32. Kh2 Bxe5 0-1

[Event "O pohár města Říčany 2017"]
[Site "Kulturni centrum Labut, 17. Listopadu 214 25101 Ricany"]
[Date "2017.08.28"]
[Round "4.3"]
[White "Vojta, Tomas"]
[Black "Mladek, Richard"]
[Result "1-0"]
[WhiteElo "2363"]
[BlackElo "2160"]
[PlyCount "0"]
[EventDate "2017.08.26"]

1. d4 Nf6 2. c3 g6 3. Nf3 Bg7 4. Bg5 Ne4 5. Bf4 c5 6. Nbd2 d5 7. e3 Nc6 8. Nxe4
dxe4 9. Ng5 cxd4 10. exd4 Qd5 11. Qb3 Qf5 12. g3 Na5 13. Bb5+ Kf8 14. Qa4 h6
15. Nxf7 Kxf7 16. Qxa5 Be6 17. Qa4 g5 18. Be3 Qf3 19. Rg1 Qh5 20. Bc4 Rhd8
21. Bxe6+ Kxe6 22. Qb3+ Kf6 23. h4 gxh4 24. gxh4 Qxh4 25. Qxb7 Rab8 26. Qc7 Kf7
27. O-O-O Rdc8 28. Qd7 Qf6 29. Qd5+ Kf8 30. Qxe4 Qb6 31. Qf5+ Kg8 32. Qc2 Kf7
33. Bf4 Qe6 1-0

[Event "O pohár města Říčany 2017"]
[Site "Kulturni centrum Labut, 17. Listopadu 214 25101 Ricany"]
[Date "2017.08.28"]
[Round "4.4"]
[White "Hollan, Martin"]
[Black "Zeman, Matyas"]
[Result "0-1"]
[WhiteElo "2233"]
[BlackElo "2168"]
[PlyCount "0"]
[EventDate "2017.08.26"]

1. d4 d5 2. c4 c6 3. Nf3 Nf6 4. Nc3 e6 5. Bg5 dxc4 6. e4 b5 7. e5 h6 8. Bh4 g5
9. Nxg5 hxg5 10. Bxg5 Nbd7 11. g3 Qb6 12. exf6 Bb7 13. Bg2 O-O-O 14. O-O Bh6
15. Ne4 c5 16. Bxh6 Rxh6 17. Qf3 Rxf6 18. Nd6+ Kc7 19. Qxb7+ Kxd6 20. dxc5+ Nxc5
21. Rfd1+ Nd3 22. Qxb6+ axb6 23. Be4 Kc5 24. Rd2 e5 25. Rad1 Rfd6 26. b3 Rd4
27. Bxd3 Rxd3 28. Rxd3 cxd3 29. Kf1 Kd4 30. Ke1 Rc8 31. h4 e4 32. Rd2 Rc1+
33. Rd1 Rc2 34. Rd2 e3 0-1

[Event "O pohár města Říčany 2017"]
[Site "Kulturni centrum Labut, 17. Listopadu 214 25101 Ricany"]
[Date "2017.08.28"]
[Round "4.5"]
[White "Husek, Martin"]
[Black "Gregor, Jiri"]
[Result "1-0"]
[WhiteElo "2148"]
[BlackElo "2210"]
[PlyCount "0"]
[EventDate "2017.08.26"]

1. d4 d5 2. c4 c6 3. cxd5 cxd5 4. Nc3 Nf6 5. Bf4 Nc6 6. e3 a6 7. Bd3 g6 8. Nf3
Bg7 9. O-O O-O 10. Rc1 Nh5 11. Bg5 Re8 12. Qb3 h6 13. Bh4 g5 14. Bg3 Nxg3
15. hxg3 e6 16. Na4 g4 17. Nd2 Na5 18. Qb6 Bd7 19. Qxd8 Raxd8 20. Nc5 Bc8 21. b4
Nc6 22. Nxa6 Re7 23. b5 Nxd4 24. Nb4 Nf5 25. Bxf5 exf5 26. Nb3 Re4 27. Nxd5 Be6
28. Nf4 Bxb3 29. axb3 Rb4 30. Rc5 Rxb3 31. Rxf5 Rd7 32. Rc1 Kh7 33. Kf1 Rb2
34. Nd5 Kg6 35. e4 Bd4 36. Rd1 1-0

[Event "O pohár města Říčany 2017"]
[Site "Kulturni centrum Labut, 17. Listopadu 214 25101 Ricany"]
[Date "2017.08.28"]
[Round "4.6"]
[White "Haba, Zdenek"]
[Black "Petr, Jakub"]
[Result "0-1"]
[WhiteElo "2207"]
[BlackElo "2046"]
[PlyCount "0"]
[EventDate "2017.08.26"]

1. d4 Nf6 2. Bg5 Ne4 3. Bf4 c5 4. f3 Nf6 5. d5 d6 6. e4 e6 7. c4 Be7 8. Nc3 O-O
9. Qd2 Nh5 10. Be3 e5 11. O-O-O Qa5 12. Nge2 b5 13. Nxb5 Qxa2 14. g4 Nf6
15. Nec3 Qa5 16. Bd3 Na6 17. Rdg1 Bd7 18. Kd1 Nb4 19. Ke2 a6 20. Ra1 Qd8 21. Na3
Nxg4 22. fxg4 Bxg4+ 23. Kf2 f5 24. Kg1 f4 25. Bf2 Bh4 26. Bf1 Bxf2+ 27. Qxf2 Qg5
28. h4 Qg6 29. Kh2 f3 30. Rg1 Qh5 31. Bh3 Bxh3 32. Kxh3 Nd3 33. Qg3 Nf4+ 34. Kh2
Ng2 35. Qg5 Qxg5 36. hxg5 Ne3 37. Nd1 f2 38. Nxe3 fxg1=Q+ 39. Kxg1 Rf4 40. Nf5
Rf8 41. Re1 Rg4+ 42. Kh2 Rxg5 43. Re2 Rf6 44. Rg2 Rxg2+ 45. Kxg2 g6 46. Ng3 Rf4
47. Nb1 h5 48. Nc3 Kg7 49. Nge2 Rf7 50. Nc1 Kh6 51. Nd3 Kg5 52. b4 cxb4 53. Nxb4
h4 54. c5 dxc5 55. Nd3 h3+ 56. Kg3 h2 57. Kxh2 Rf3 58. Nxe5 Rxc3 59. d6 Kf6
60. d7 Ke7 0-1

[Event "O pohár města Říčany 2017"]
[Site "Kulturni centrum Labut, 17. Listopadu 214 25101 Ricany"]
[Date "2017.08.28"]
[Round "4.7"]
[White "Bares, Jachym"]
[Black "Kulhanek, Tomas"]
[Result "1/2-1/2"]
[WhiteElo "1989"]
[BlackElo "2324"]
[PlyCount "0"]
[EventDate "2017.08.26"]

1. e4 e6 2. d4 d5 3. Nc3 dxe4 4. Nxe4 Nd7 5. Nf3 Ngf6 6. Bd3 Nxe4 7. Bxe4 Nf6
8. Bd3 c5 9. Bf4 Be7 10. dxc5 Qa5+ 11. Qd2 Qxd2+ 12. Nxd2 Bxc5 13. Bb5+ Ke7
14. Rd1 Rd8 15. O-O Bd7 16. Bxd7 Rxd7 17. Nb3 Bb6 18. Rxd7+ Nxd7 19. Rd1 e5
20. Bd2 a5 21. Bc3 Rc8 22. Rd2 a4 23. Nc1 Ke6 24. Bb4 Nc5 25. Nd3 Nxd3 26. Rxd3
Rxc2 27. Rd6+ Kf5 28. g4+ Kxg4 29. Rxb6 Rxb2 30. Rxb7 Kh3 31. Kf1 a3 32. Rb8
Rb1+ 33. Ke2 Kg2 34. Bd6 Rb2+ 35. Ke3 Rxa2 36. Bxe5 f6 37. Bd4 Rxf2 38. Rb7 g5
39. Rxh7 f5 40. Ra7 g4 41. Be5 Rf3+ 42. Kd2 f4 43. Rg7 Rf2+ 44. Ke1 Kf3 45. Bxf4
a2 46. Ra7 Rxh2 47. Be5 Re2+ 48. Kf1 Rxe5 49. Rxa2 Re3 50. Rf2+ Ke4 51. Kg2
1/2-1/2

[Event "O pohár města Říčany 2017"]
[Site "Kulturni centrum Labut, 17. Listopadu 214 25101 Ricany"]
[Date "2017.08.28"]
[Round "4.8"]
[White "Jelinek, Michal"]
[Black "Rastocny, Josef"]
[Result "1-0"]
[WhiteElo "2173"]
[BlackElo "2008"]
[PlyCount "0"]
[EventDate "2017.08.26"]

1. d4 Nf6 2. c4 g6 3. Nc3 Bg7 4. e4 d6 5. Nf3 O-O 6. Be2 Nc6 7. d5 Nb4 8. O-O
a5 9. h3 c6 10. Be3 cxd5 11. cxd5 Bd7 12. Nd4 Na6 13. f4 Nc5 14. Bf3 Rc8 15. Qe2
Qc7 16. Rad1 Na4 17. Ncb5 Bxb5 18. Nxb5 Qd8 19. Bd4 Nc5 20. Kh2 Qb6 21. e5 Nfd7
22. Bg4 Rcd8 23. e6 Bxd4 24. Nxd4 f5 25. exd7 fxg4 26. Ne6 Nxe6 27. Qxe6+ Rf7
28. f5 1-0

[Event "O pohár města Říčany 2017"]
[Site "Kulturni centrum Labut, 17. Listopadu 214 25101 Ricany"]
[Date "2017.08.28"]
[Round "4.9"]
[White "Skalicky, Tomas"]
[Black "Vavrinec, Tomas"]
[Result "1-0"]
[WhiteElo "2165"]
[BlackElo "1960"]
[PlyCount "0"]
[EventDate "2017.08.26"]

1. d4 d5 2. c4 e6 3. Nf3 c5 4. cxd5 exd5 5. Nc3 Nc6 6. g3 Nf6 7. Bg2 Be7 8. O-O
O-O 9. dxc5 Bxc5 10. Na4 Be7 11. Be3 Bg4 12. Nd4 Ne5 13. Rc1 Nc4 14. Bg5 h6
15. Bxf6 Bxf6 16. b3 Nb6 17. Nc3 Qe7 18. Qd3 Rac8 19. e3 Rfd8 20. a4 Qb4 21. h3
Bh5 22. Nxd5 Nxd5 23. Rxc8 Rxc8 24. Bxd5 Rd8 25. Qc4 Qd2 26. Bf3 Rxd4 27. exd4
Bxf3 28. Qc8+ 1-0

[Event "O pohár města Říčany 2017"]
[Site "Kulturni centrum Labut, 17. Listopadu 214 25101 Ricany"]
[Date "2017.08.28"]
[Round "4.10"]
[White "Hrdina, Robin"]
[Black "Skala, Jaromir"]
[Result "1-0"]
[WhiteElo "2151"]
[BlackElo "1942"]
[PlyCount "0"]
[EventDate "2017.08.26"]

1. b3 d5 2. f4 Nf6 3. Bb2 Bf5 4. Nf3 e6 5. e3 Bd6 6. Be2 c5 7. O-O Nc6 8. Bb5
a6 9. Bxc6+ bxc6 10. d3 h6 11. Nbd2 Bh7 12. Ne5 Bxe5 13. Bxe5 O-O 14. Qe2 Qe7
15. Bb2 a5 16. a4 Rfb8 17. Kh1 Qd8 18. Ba3 Nd7 19. e4 Qf6 20. Rab1 Rb7 21. Bb2
Qe7 22. Qf3 Rab8 23. Rbe1 Qf8 24. f5 exf5 25. exd5 cxd5 26. Qxd5 Nb6 27. Qf3
Nxa4 28. Be5 Nb6 29. Bxb8 Rxb8 30. Nc4 Nxc4 31. dxc4 f4 32. Re2 Re8 33. Rfe1
Rxe2 34. Rxe2 g5 35. Qc6 1-0

[Event "O pohár města Říčany 2017"]
[Site "Kulturni centrum Labut, 17. Listopadu 214 25101 Ricany"]
[Date "2017.08.28"]
[Round "4.11"]
[White "Rut, Vojtech"]
[Black "Otruba, Marek"]
[Result "1-0"]
[WhiteElo "2140"]
[BlackElo "1937"]
[PlyCount "0"]
[EventDate "2017.08.26"]

1. d4 d6 2. e4 Nf6 3. Nc3 e5 4. Nf3 Nbd7 5. g4 Nxg4 6. Rg1 exd4 7. Bg5 Be7
8. Bxe7 Qxe7 9. Nxd4 Nde5 10. h3 Nf6 11. f4 Ng6 12. Bb5+ Bd7 13. Nf5 Qf8 14. Qd4
O-O-O 15. Qxa7 c6 16. Ba6 bxa6 17. Na4 Re8 18. Nb6+ Kd8 19. Qb8+ Bc8 20. Qxc8#
1-0

[Event "O pohár města Říčany 2017"]
[Site "Kulturni centrum Labut, 17. Listopadu 214 25101 Ricany"]
[Date "2017.08.28"]
[Round "4.12"]
[White "Krivanek, Vladimir"]
[Black "Vojta, Jakub"]
[Result "0-1"]
[WhiteElo "2107"]
[BlackElo "1930"]
[PlyCount "0"]
[EventDate "2017.08.26"]

1. e3 Nf6 2. Nf3 b6 3. c4 Bb7 4. Nc3 e6 5. b3 Be7 6. Bb2 O-O 7. Qc2 c5 8. d4
Re8 9. Bd3 Nc6 10. a3 cxd4 11. exd4 Rc8 12. O-O Na5 13. Ng5 h6 14. Bh7+ Kf8
15. Nf3 Nxb3 16. Rad1 Na5 17. d5 exd5 18. cxd5 Bxd5 19. Rxd5 Nxd5 20. Ne5 Bf6
21. Nxf7 Qe7 22. Nh8 Qe6 23. Bf5 Qc6 24. Be4 Rxe4 25. Qxe4 Nxc3 26. Ng6+ Kg8
27. Qg4 Qe6 28. Qxe6+ 0-1

[Event "O pohár města Říčany 2017"]
[Site "Kulturni centrum Labut, 17. Listopadu 214 25101 Ricany"]
[Date "2017.08.28"]
[Round "4.13"]
[White "Slovak, Kilian"]
[Black "Stanek, Ondrej"]
[Result "1-0"]
[WhiteElo "2101"]
[BlackElo "1885"]
[PlyCount "0"]
[EventDate "2017.08.26"]

1. e4 e5 2. Nf3 Nc6 3. Bb5 a6 4. Bc4 Nf6 5. O-O Be7 6. Re1 b5 7. Bb3 O-O 8. h3
d6 9. c3 Na5 10. Bc2 c5 11. d3 Qc7 12. Nbd2 Nc6 13. Nf1 d5 14. exd5 Nxd5 15. Ne3
Nf4 16. Ng4 Ng6 17. Qe2 Bd6 18. Ng5 Be7 19. Bb3 Bb7 20. Bd5 Rad8 21. Be4 Bxg5
22. Bxg5 f6 23. Bxg6 hxg6 24. Be3 Ne7 25. f3 Nd5 26. Nf2 f5 27. Bd2 Rfe8 28. c4
Nf6 29. Bc3 Nd7 30. b3 b4 31. Bb2 Re7 32. a3 a5 33. axb4 axb4 34. d4 cxd4
35. Bxd4 Rde8 36. Be3 Nc5 37. Bxc5 Qxc5 38. Qe3 Qxe3 39. Rxe3 e4 40. fxe4 Bxe4
41. Nxe4 fxe4 42. Ra4 Rb8 43. Kf2 Kf7 44. Kg3 g5 45. Ra5 Kf6 46. Kg4 Re5
47. Ra6+ Kf7 48. Rd6 Rb7 49. Rd5 Kf6 50. Rd4 Rbe7 51. Rd6+ R7e6 52. Rd8 Rb6
53. Rd4 Rbe6 54. c5 Rxc5 55. Rexe4 Rxe4+ 56. Rxe4 Rb5 57. Rc4 Rb6 58. Rc5 Rd6
59. Rf5+ Ke6 60. Kxg5 Rd3 61. Rf3 Rd7 62. Rf4 Rb7 63. Rc4 Ke5 64. Kg6 Kd5 65. g4
Ke5 66. h4 Kd5 67. g5 Ke5 68. h5 Ke6 69. h6 gxh6 70. gxh6 Ke5 71. h7 Rb6+
72. Kg5 1-0

[Event "O pohár města Říčany 2017"]
[Site "Kulturni centrum Labut, 17. Listopadu 214 25101 Ricany"]
[Date "2017.08.28"]
[Round "4.14"]
[White "Koper, Stefan"]
[Black "Ludvik, Tomas"]
[Result "0-1"]
[WhiteElo "1932"]
[BlackElo "2095"]
[PlyCount "0"]
[EventDate "2017.08.26"]

1. d4 Nf6 2. c4 e6 3. Nf3 b6 4. g3 Ba6 5. b3 Bb4+ 6. Bd2 Be7 7. Bg2 c6 8. O-O
d5 9. Ne5 Nfd7 10. Nxd7 Nxd7 11. cxd5 cxd5 12. Re1 Nf6 13. Nc3 Bb7 14. a3 O-O
15. e3 Rc8 16. b4 Ne8 17. Na4 Nd6 18. Nb2 Bf6 19. f4 Qd7 20. a4 g6 21. b5 Rfd8
22. Nd3 Nc4 23. h4 a6 24. Ne5 Qe8 25. Nxc4 Rxc4 26. Bf1 axb5 27. axb5 Qxb5
28. Kh2 Qc6 29. Bxc4 dxc4 30. Rg1 b5 31. Bc3 e5 32. fxe5 Bxe5 33. Qe2 Bd6
34. Rab1 Re8 35. Qf2 Re4 36. d5 Rxh4+ 37. Kg2 Qxd5+ 38. Kf1 Qd3+ 0-1

[Event "O pohár města Říčany 2017"]
[Site "Kulturni centrum Labut, 17. Listopadu 214 25101 Ricany"]
[Date "2017.08.28"]
[Round "4.15"]
[White "Kaplan, Daniel"]
[Black "Laurincova, Kristyna"]
[Result "1/2-1/2"]
[WhiteElo "2057"]
[BlackElo "1854"]
[PlyCount "0"]
[EventDate "2017.08.26"]

1. e4 c5 2. Nf3 Nc6 3. d4 cxd4 4. Nxd4 g6 5. Nc3 Bg7 6. Be3 Nf6 7. f4 O-O
8. Be2 Qb6 9. Nxc6 Qxe3 10. Nxe7+ Kh8 11. Qd2 Qxd2+ 12. Kxd2 Re8 13. Nxc8 Nxe4+
14. Nxe4 Rxe4 15. Bd3 Re6 16. Nxa7 Rxa7 17. c3 Ra5 18. Rae1 Rh5 19. Rxe6 dxe6
20. h3 Bh6 21. Rf1 Rh4 22. Ke3 e5 23. Rf3 f5 1/2-1/2

[Event "O pohár města Říčany 2017"]
[Site "Kulturni centrum Labut, 17. Listopadu 214 25101 Ricany"]
[Date "2017.08.28"]
[Round "4.16"]
[White "Svatos, Jan"]
[Black "Nemcova, Kamila"]
[Result "1-0"]
[WhiteElo "2310"]
[BlackElo "1908"]
[PlyCount "0"]
[EventDate "2017.08.26"]

1. d4 f5 2. g3 Nf6 3. Bg2 g6 4. c4 Bg7 5. Nc3 O-O 6. Nf3 d6 7. O-O c6 8. Qc2
Qe8 9. b3 e5 10. dxe5 dxe5 11. Ba3 Rf7 12. Bd6 Nfd7 13. e4 Na6 14. Rad1 Ndc5
15. a3 fxe4 16. Ng5 Rd7 17. Ncxe4 Nxe4 18. Bxe4 Qd8 19. Ne6 Qf6 20. Nxg7 Qxg7
21. Qc3 Rf7 22. Bxe5 Qf8 23. Bd6 Qh6 24. a4 Bg4 25. f3 Bh3 26. Rfe1 Qh5 27. Ba3
h6 28. Rd6 Bf5 29. g4 Qg5 30. Bc1 Qe7 31. Bb2 Kh7 32. gxf5 Qg5+ 33. Kh1 gxf5
34. Bc1 1-0

[Event "O pohár města Říčany 2017"]
[Site "Kulturni centrum Labut, 17. Listopadu 214 25101 Ricany"]
[Date "2017.08.28"]
[Round "4.17"]
[White "Janacek, Jaroslav"]
[Black "Pavlicek, Petr"]
[Result "1-0"]
[WhiteElo "2019"]
[BlackElo "1923"]
[PlyCount "0"]
[EventDate "2017.08.26"]

1. Nf3 Nf6 2. c4 e6 3. g3 Be7 4. Bg2 O-O 5. O-O d5 6. b3 Nbd7 7. Bb2 c6 8. e3
b5 9. d3 Ba6 10. Qc2 Qb6 11. Nbd2 Rab8 12. Rfb1 Rfc8 13. Bd4 Qc7 14. a4 bxc4
15. bxc4 c5 16. Bc3 Bd6 17. Ra2 Rxb1+ 18. Qxb1 Rb8 19. Rb2 Rxb2 20. Bxb2 Qb8
21. Qc2 e5 22. cxd5 Nxd5 23. Nc4 Nb4 24. Qc3 Na2 25. Qa3 Nb4 26. Nfd2 Be7
27. Qb3 Kf8 28. Ba3 Bb7 29. a5 Bxg2 30. Kxg2 Qc7 31. Ne4 Nb8 32. d4 exd4
33. exd4 N8a6 34. Ne5 Bf6 35. Nxc5 Bxe5 36. Nxa6 1-0

[Event "O pohár města Říčany 2017"]
[Site "Kulturni centrum Labut, 17. Listopadu 214 25101 Ricany"]
[Date "2017.08.28"]
[Round "4.18"]
[White "Nehyba, Martin"]
[Black "Skacel, Jan"]
[Result "1-0"]
[WhiteElo "1875"]
[BlackElo "1991"]
[PlyCount "0"]
[EventDate "2017.08.26"]

1. e4 Nf6 2. Nc3 d5 3. exd5 Nxd5 4. Nxd5 Qxd5 5. d4 Nc6 6. Be3 Bf5 7. c4 Qa5+
8. Bd2 Qb6 9. Bc3 Nd8 10. Nf3 c6 11. d5 Qc7 12. Nd4 Bd7 13. Be2 e5 14. Nc2 f6
15. O-O Nf7 16. dxc6 Bxc6 17. Bg4 Be7 18. Ne3 Rd8 19. Qc2 O-O 20. Bf5 h6 21. Be6
Kh8 22. h4 Bc5 23. Qg6 Nd6 24. Nd5 Bxd5 25. Bxd5 Qd7 26. b4 Bd4 27. Bxd4 exd4
28. Rad1 Qf5 29. Qxf5 Nxf5 30. Bxb7 Rb8 31. Be4 Nd6 32. Rxd4 Nxe4 33. Rxe4 Rxb4
34. Rc1 Rc8 35. Rc2 a5 36. Kf1 a4 37. Ke2 Rd8 38. f3 f5 39. Re5 Rc8 40. c5 Rc6
41. h5 f4 42. Re4 Rb5 43. Rec4 a3 44. Kd3 Rb7 45. Rxf4 Rb2 46. Rfc4 Rb1 47. R4c3
Rb5 48. Kd4 Rc8 49. Rxa3 Rb1 1-0